| 000 | 00589nam a2200193Ia 4500 | ||
|---|---|---|---|
| 005 | 20250508162158.0 | ||
| 008 | 008 250505s9999 xx 000 0 eng d | ||
| 037 | _aTheses | ||
| 040 |
_aFEDL _beng _cFEDL |
||
| 041 |
_aeng _2eng |
||
| 084 |
_a374, RAH/TH _qFEDL |
||
| 100 |
_aRahman Siddiqur _9212501 |
||
| 245 | 0 | _aDevelopment of population education curriculum in a system of non-formal education for out-of-school youth | |
| 260 | _c1978 | ||
| 300 | _a470p. | ||
| 546 | _aPh. D. Thesis, (Delhi Unviersity) | ||
| 942 |
_cTH _h374, RAH/TH |
||
| 999 |
_c1374852 _d1374852 |
||